Career Path - Real Madrid Edition - Statistics

General Stats
  • This quiz has been taken 29 times
  • The average score is 16 of 20
Answer Stats
Hint Answer % Correct
2000–2002 Groningen 2002–2004 PSV 2004–2007 Chelsea 2007–2009 Real Madrid 2009–2019 Bayern Munich 2020–2021 Groningen Arjen Robben
100%
2007–2008 Austria Wien II 2009–2010 Bayern Munich II 2010–2021 Bayern Munich 2011 → TSG Hoffenheim (loan) 2021– Real Madrid David Alaba
92%
2014–2016 Red Star Belgrade 2016–2019 Benfica 2016–2017 → Benfica B (loan) 2017–2019 → Eintracht Frankfurt (loan) 2019 Eintracht Frankfurt 2019–2022 Real Madrid 2021 → Eintracht Frankfurt (loan) 2022–2023 Fiorentina 2023–2025 AC Milan 2025– AEK Athens Luka Jovic
92%
2013 Strømsgodset 3 2013–2014 Strømsgodset 2 2014–2015 Strømsgodset 2015–2017 Real Madrid Castilla 2015–2021 Real Madrid 2017–2018 → Heerenveen (loan) 2018–2019 → Vitesse Arnhem (loan) 2019–2020 → Real Sociedad (loan) 2021 → Arsenal (loan) 2021– Arsenal Martin Odegaard
92%
2023 Juventus Next Gen 2023–2024 Juventus 2024 → Roma (loan) 2024–2025 Bournemouth 2025– Real Madrid Dean Huijsen
88%
2013–2016 Le Havre II 2015–2017 Le Havre 2017–2019 Lyon 2019– Real Madrid Ferland Mendy
88%
2006–2008 Envigado 2008–2010 Banfield 2010–2013 Porto 2013–2014 Monaco 2014–2020 Real Madrid 2017–2019 → Bayern Munich (loan) 2020–2021 Everton 2021–2022 Al-Rayyan 2022–2023 Olympiacos 2023–2024 São Paulo 2024–2025 Rayo Vallecano 2025– León James Rodriguez
88%
2010–2013 Dinamo Zagreb 2013–2015 Inter Milan 2015–2019 Real Madrid 2018–2019 → Chelsea (loan) 2019–2023 Chelsea 2023– Manchester City Mateo Kovacic
88%
1997–2000 Real Madrid 1997–1998 → Leganés (loan) 1999 → Espanyol (loan) 2000 → Mallorca (loan) 2000–2004 Mallorca 2004–2009 Barcelona 2009–2011 Inter Milan 2011–2013 Anzhi Makhachkala 2013–2014 Chelsea 2014–2015 Everton 2015 Sampdoria 2015–2018 Antalyaspor 2018 Konyaspor 2018–2019 Qatar SC Samuel Eto'o
88%
2004–2006 VfB Stuttgart II 2006–2010 VfB Stuttgart 2010–2015 Real Madrid 2015–2021 Juventus 2021 Hertha BSC Sami Khedira
83%
1991–1997 Nantes 1997–1998 Marseille 1998–2000 Celta Vigo 2000–2003 Real Madrid 2003–2008 Chelsea 2008–2011 Paris Saint-Germain Claude Makelele
79%
2001–2003 Metz 2003–2006 Monaco 2006–2009 Arsenal 2009–2012 Manchester City 2011 → Real Madrid (loan) 2011–2012 → Tottenham Hotspur (loan) 2012–2015 Tottenham Hotspur 2016 Crystal Palace 2017–2019 İstanbul Başakşehir 2019 Kayserispor 2020 Olimpia 2021–2023 Semassi Emmanuel Adebayor
79%
2012 Fluminense 2012–2015 Rio Ave 2012–2013 → Real Madrid Castilla (loan) 2013 → Real Madrid (loan) 2013–2015 → Monaco (loan) 2015–2018 Monaco 2018–2023 Liverpool 2023– Al-Ittihad Fabinho
79%
2002–2007 Ajax 2007–2009 Real Madrid 2009–2013 Inter Milan 2013–2017 Galatasaray 2017–2018 Nice 2018–2019 Al-Gharafa Wesley Sneijder
79%
2010–2011 Real Madrid C 2011–2015 Real Madrid B 2014–2015 → Espanyol (loan) 2015–2025 Real Madrid 2025– Bayer Leverkusen Lucas Vazquez
75%
1993–1997 Den Bosch 1997–1998 Heerenveen 1998–2001 PSV Eindhoven 2001–2006 Manchester United 2006–2010 Real Madrid 2010–2011 Hamburger SV 2011–2012 Málaga Ruud van Nistelrooy
75%
2015–2018 Real Madrid Castilla 2015–2016 → Logroñés (loan) 2016–2017 → Logroñés (loan) 2018–2020 Real Madrid 2019–2020 → Sevilla (loan) 2020–2025 Tottenham Hotspur 2022–2023 → Atlético Madrid (loan) 2023–2024 → Manchester United (loan) 2024 → Brentford (loan) Sergio Reguilon
71%
2008–2010 Real Madrid B2010 Real Madrid 2010–2013 Bolton Wanderers 2013–2016 Fiorentina 2014 → Sunderland (loan) 2016–2022 Chelsea 2022–2024 Barcelona 2024– Celta Marcos Alonso
63%
1994–1995 Real Madrid C 1995–1996 Real Madrid B 1995–2010 Real Madrid 2010–2011 Beşiktaş Guti
54%
1991–1995 Concordia Knurów 1995–1996 Sokół Tychy 1996–2001 Feyenoord 2001–2007 Liverpool 2007–2011 Real Madrid Jerzy Dudek
54%
No matching quizzes found
Score Distribution
Percent of People with Each Score
Percentile by Number Answered
Your Score History
You have not taken this quiz